| 000 | 00981cam a22002534a 4500 | ||
|---|---|---|---|
| 005 | 20250605164130.0 | ||
| 008 | 250528s ||||||||||||||||||||||||d | ||
| 035 | _a18618 | ||
| 020 | _a3822870315 | ||
| 040 |
_aGR-AtMCL _bgre _dGR-AtMCL _eAACR2 |
||
| 245 | 1 | _aMasterpieces of Western Art / A History of Art in 900 Individual Studies from the Gothic to Neoclassicism | |
| 260 | _c1999 | ||
| 300 | _a762 | ||
| 520 | _aPart 1 - From the Gothic to Neoclassicism. Gothic, Early Renaissance, Renaissance and Mannerism, Baroque, Baroque in the Netherlands, Rococo and Neoclassicism, Romanticism and Realism, Impressionism and Art Nouveau and Jugendstil, Classical Modernism, Contemporary Painting, Appendix. | ||
| 700 | 1 |
_aBauer Hermann _94881 |
|
| 700 | 1 |
_aBaur Eva-Gesine _94882 |
|
| 700 | 1 |
_aPrater Andreas _94883 |
|
| 700 | 1 |
_aSuckale Robert _94884 |
|
| 700 | 1 |
_aTaschen _92434 |
|
| 700 | 1 |
_aWundram Manfred _94885 |
|
| 942 | _cBK | ||
| 999 |
_c3966 _d3966 |
||